000 00678nam a2200241 i 4500
001 C2-0230977
003 PPAK
005 20180728084052.0
008 001106s1987 enka|||| ||||| | eng d
020 _a0850922844
040 _aPPAK
_beng
_cPPAK
_erda
082 0 4 _a379.2
_223
090 0 0 _a379.2
_bBRA
_dKSI
100 1 _aBray, Mark,
_eauthor
245 1 0 _aNew resources for education
264 1 _aLondon :
_bThe Commonwealth Secretariat ,
_c1987
300 _a88 pages :
_billustrations ;
_c20 cm
336 _2rdacontent
_atext
337 _2rdamedia
_aunmediated
338 _2rdacarrier
_avolume
650 1 0 _aEducation - Community - Management
942 _ddc
_cB
999 _c150481
_d150481